Statistics for Top 100 Players NBA History

Click here to take the quiz!

General Stats

  • This quiz has been taken 5,415 times
    (5,240 since last reset)
  • The average score is 40 of 100

Answer Stats

Rank Player % Correct
1.Michael Jordan
99%
7.*Lebron James
96%
11.*Kobe Bryant
90%
6.Magic Johnson
83%
10.Shaquille O'Neal
81%
9.Larry Bird
81%
2.Kareem Abdul-Jabbar
79%
85.Neil Johnston
77%
65.Kevin Johnson
77%
73.Dennis Johnson
77%
4.Wilt Chamberlain
76%
5.*Tim Duncan
76%
8.Jerry West
74%
3.Bill Russell
74%
42.*Kevin Durant
73%
25.Scottie Pippen
69%
16.Karl Malone
69%
17.Moses Malone
68%
26.*Dwyane Wade
65%
34.Allen Iverson
63%
23.John Stockton
62%
15.*Kevin Garnett
62%
14.Hakeem Olajuwon
61%
19.*Dirk Nowitzki
60%
38.Steve Nash
58%
44.*Ray Allen
57%
13.David Robinson
57%
54.Dennis Rodman
55%
36.*Paul Pierce
55%
18.Charles Barkley
55%
12.Oscar Robertson
54%
30.Isiah Thomas
53%
33.Patrick Ewing
52%
46.*Chris Paul
52%
24.Julius Erving
51%
60.*Tony Parker
51%
67.*Vince Carter
50%
35.Jason Kidd
48%
68.*Carmelo Anthony
48%
86.*Chris Bosh
48%
29.Bob Cousy
45%
37.Kevin McHale
44%
27.Clyde Drexler
44%
62.Tracy McGrady
44%
45.Reggie Miller
41%
63.*Pau Gasol
40%
31.Gary Payton
39%
50.*Dwight Howard
38%
21.Bob Pettit
38%
43.Dominique Wilkins
37%
22.Elgin Baylor
37%
64.Dikembe Mutombo
36%
97.Lenny Wilkens
36%
52.James Worthy
35%
20.John Havlicek
33%
75.*Manu Ginobili
33%
58.Robert Parish
32%
99.Tim Hardaway
30%
87.Bill Walton
29%
78.Joe Dumars
29%
81.Ben Wallace
28%
39.George Gervin
28%
74.George Mikan
27%
40.Sam Jones
27%
82.Bobby Jones
26%
83.Chris Mullin
26%
47.Wes Unseld
26%
92.David Thompson
26%
41.Elvin Hayes
25%
66.Chauncey Billups
25%
93.Chris Webber
24%
51.Rick Barry
24%
28.Walt Frazier
24%
72.Grant Hill
19%
69.Alex English
19%
59.Dave Cowens
16%
70.Nate Archibald
15%
84.Bernard King
15%
94.Detlef Schrempf
14%
100.Mark Price
13%
95.Mitch Richmond
11%
71.*Shawn Marion
11%
53.Artis Gilmore
10%
55.Jerry Lucas
10%
48.Adrian Dantley
10%
32.Dolph Schayes
10%
56.Sidney Moncrief
9%
80.Maurice Cheeks
9%
76.Hal Greer
8%
49.Paul Arizin
8%
57.Bob Lanier
7%
96.Bill Cunningham
6%
88.Dave Debusschere
6%
89.Larry Nance
5%
98.Walt Bellamy
4%
61.Tom Heinsohn
4%
77.Bill Sharman
4%
90.Paul Westphal
2%
79.Cliff Hagan
1%
91.Jack Twyman
1%

Score Distribution

Percentile by Number Answered

Percent of People with Each Score

Your Score History

You have not taken this quiz since the last reset